| 000 | 02401nam a22002177a 4500 | ||
|---|---|---|---|
| 999 |
_c63034 _d63034 |
||
| 003 | Ge_BSU | ||
| 005 | 20250515121621.0 | ||
| 008 | 250515s2018 ge ||||| |||| 00| 0 geo d | ||
| 041 | _ageo | ||
| 080 | _a615.2(075.8) თ-87 | ||
| 100 |
_aთურმანაული, გიორგი _96284 |
||
| 245 |
_aსამედიცინო ბაზისური ფარმაკოლოგია : _bძირითადი სახელმძღვანელო : (ერთ ტომად) : (მედიცინის ფაკულტეტის სტუდენტებისათვის) : შედგენილია ჯანმო-ს რეკომენდირებული, ძირითადი სამკურნალო და აუდიუვანსიური პრეპარატების საფუძველზე ახალი სასწავლო პროგრამით : სილაბუსის და საგნის სტანდარტის (ECTS-ის მოთხოვნებით) : საკრედიტო სწავლებისათვის / _cგიორგი (გივი) თურმანაული; რედაქტორი თეა ჩხაიძე; თბილისის სახელმწ. სამედ. უნივერსიტეტის სამედ. ფარმაკოლოგიის დეპარტამენტი (კათედრა). |
||
| 250 | _aმე-10 გადამუშავებული და ახალი მასალით შევსებული გამოცემა. | ||
| 264 |
_aთბილისი, _c2018. |
||
| 300 |
_a1016 გვ. : _bილ. ; _c28 სმ. |
||
| 500 | _aწიგნი იბეჭდება ავტორის შვილის ზაზა თურმანაულის ფინანსური ხელშეწყობით. | ||
| 653 | _aფარმაკოლოგია | ||
| 700 |
_aჩხაიძე, თეა _eრედაქტორი _925048 |
||
| 710 |
_aთბილისის სახელმწ. სამედ. უნივერსიტეტი. სამედ. ფარმაკოლოგიის დეპარტამენტი (კათედრა). _925049 |
||
| 942 |
_2udc _cᲬᲘᲒᲜᲘ |
||